| 000 | 00760nam a22002291a 4500 | ||
|---|---|---|---|
| 999 |
_c9141 _d9141 |
||
| 001 | 9141 | ||
| 003 | BD-JhCC | ||
| 005 | 20180310092204.0 | ||
| 008 | 171101s2013 bg |||| ||a| 000 0 ben d | ||
| 035 | _a(BD-JhCC)9141 | ||
| 040 |
_aBD-JhCC _dBD-JhCC |
||
| 041 | _aben | ||
| 082 |
_a305.80095492 _bRAH 2013 |
||
| 100 | _aরহমান, আতিকুর | ||
| 245 |
_aপার্বত্য চট্টগ্রামের ইতিহাস ও রাজনীতি / _cআতিকুর রহমান |
||
| 260 |
_aঢাকা : _bপর্বত প্রকাশনী, _c২০১৩. |
||
| 300 |
_a250 p.: _c22 cm. |
||
| 650 | _aChittagong Hill Tracts | ||
| 650 | _a Social Condition | ||
| 942 |
_2ddc _cBK |
||